Dalits in Dravidian land (Record no. 6120)
[ view plain ]
| 000 -LEADER | |
|---|---|
| fixed length control field | 00849 a2200205 4500 |
| 005 - DATE AND TIME OF LATEST TRANSACTION | |
| control field | 20080826114333.0 |
| 008 - FIXED-LENGTH DATA ELEMENTS--GENERAL INFORMATION | |
| fixed length control field | 080826t xxu||||| |||| 00| 0 eng d |
| 010 ## - LIBRARY OF CONGRESS CONTROL NUMBER | |
| LC control number | ENG-87173 |
| 020 ## - INTERNATIONAL STANDARD BOOK NUMBER | |
| International Standard Book Number | 818905905X |
| Terms of availability | 300.00 |
| 035 ## - SYSTEM CONTROL NUMBER | |
| System control number | EN-70706 |
| 037 ## - SOURCE OF ACQUISITION | |
| Source of stock number/acquisition | DBAD / PUB |
| 082 ## - DEWEY DECIMAL CLASSIFICATION NUMBER | |
| Classification number | 305.562 |
| 100 ## - MAIN ENTRY--PERSONAL NAME | |
| Personal name | Viswanathan, S |
| 245 ## - TITLE STATEMENT | |
| Title | Dalits in Dravidian land |
| Remainder of title | frontline reports on anti-dalit violence in Tamil Nadu (1995-2004) |
| Statement of responsibility, etc | by S. Viswanathan |
| 260 ## - PUBLICATION, DISTRIBUTION, ETC. (IMPRINT) | |
| Place of publication, distribution, etc | Pondicherry |
| Name of publisher, distributor, etc | Navayana Publishing |
| Date of publication, distribution, etc | 2005 |
| 270 ## - ADDRESS | |
| Address | 28, Veerabhadrasamy Koil Street, Lawspet |
| Postal code | 605 008 |
| 300 ## - PHYSICAL DESCRIPTION | |
| Extent | xxxviii, 318 p. |
| Other physical details | B & W photos |
| Dimensions | 22 cm (Pbk.) |
| 942 ## - ADDED ENTRY ELEMENTS (KOHA) | |
| Institution code [OBSOLETE] | dpl |
| Koha item type | English Books |
| Call number prefix | 305.562 / VIS |
| Source of classification or shelving scheme | Dewey Decimal Classification |
| Classification part | 305.562 |
| Call number suffix | VIS |
| Withdrawn status | Lost status | Damaged status | Not for loan | Home library | Current library | Date acquired | Cost, normal purchase price | Total Checkouts | Full call number | Barcode | Date last seen | Copy number | Uniform Resource Identifier | Cost, replacement price | Price effective from | Koha item type |
|---|---|---|---|---|---|---|---|---|---|---|---|---|---|---|---|---|
| D.B.Act.Division | D.B.Act.Division | 26/08/2008 | 300.00 | 305.562 VIS | EN-70706 | 15/09/2008 | 1 | 6561 | 300.00 | 15/09/2008 | English Books |
